LEADER 04522nam 2200661 450 001 9910821803803321 005 20200520144314.0 010 $a3-11-039535-5 010 $a3-11-034146-8 024 7 $a10.1515/9783110341461 035 $a(CKB)3360000000515139 035 $a(MiAaPQ)EBC4749684 035 $a(DE-B1597)245683 035 $a(OCoLC)984688419 035 $a(DE-B1597)9783110341461 035 $a(Au-PeEL)EBL4749684 035 $a(CaPaEBR)ebr11366012 035 $a(OCoLC)980818592 035 $a(PPN)261973479 035 $a(EXLCZ)993360000000515139 100 $a20170405h20172017 uy 0 101 0 $ager 135 $aurcnu|||||||| 181 $2rdacontent 182 $2rdamedia 183 $2rdacarrier 200 00$aGrammatik des Deutschen im europa?ischen Vergleich$hTeilband 1$iFunktionale Doma?nen, Wort und Wortklassen $edas Nominal /$fLutz Gunkel [and four others] ; unter Mitarbeit von Christine Gu?nther und Ursula Hoberg 205 $a2 Bd., 2004 S. inges. 210 1$aBerlin, [Germany] ;$aBoston, [Massachusetts] :$cDe Gruyter,$d2017. 210 4$d©2017 215 $a1 online resource (1,974 pages) 225 1 $aSchriften des Instituts fu?r Deutsche Sprache,$x1861-566X ;$vBand 14.1 311 $a3-11-034135-2 320 $aIncludes bibliographical references and indexes. 327 $tFrontmatter -- $tVorwort -- $tInhaltsübersicht -- $tVerzeichnis der Abkürzungen -- $tVerzeichnis der Sprachsiglen -- $tVerzeichnis der Symbole -- $tEinleitung -- $tA. Funktionale Domänen -- $tB1.1 Überblick -- $tB1.2 Artikel und Demonstrativa -- $tB1.3 Adjektive -- $tB1.4 Substantive -- $tB1.5 Pronomina -- $tB2.1 Überblick -- $tB2.2 Genus -- $tB2.3 Numerus -- $tB2.4 Kasus -- $tC. Nominalflexion -- $tD1. Syntax der Nominalphrase -- $tD2. Nominalphrasen mit adjektivischem oder partizipialem Kopf -- $tD3. Possessive Attribute -- $tD4. Nicht-possessive PP- und NP-Attribute -- $tD5. Numerativkonstruktionen -- $tD6. Relativsyntagmen -- $tD7. Partizipialattribute -- $tInhaltsverzeichnis -- $tQuellenverzeichnis -- $tLiteraturverzeichnis -- $tRegister 330 $aDas Deutsche gehört zu den besonders gut erforschten Sprachen der Welt. Neue Erkenntnisse über seine Grammatik sind am ehesten durch eine Ausweitung der Perspektive über den traditionellen Ansatz hinaus zu erwarten. Im vorliegenden Handbuch zur Nominalgrammatik geschieht dies auf dem Weg des Sprachvergleichs mit anderen europäischen Sprachen, in erster Linie den Kontrastsprachen Englisch, Französisch, Polnisch und Ungarisch. Die Grammatik schließt an die typologische Forschung an und orientiert den Vergleich an allgemeinen semantisch-pragmatischen Funktionsbereichen, so genannten ,funktionalen Domänen? wie Referenz, Identifikation, Modifikation. Behandelt werden nominale Wortklassen (wie Substantiv, Adjektiv, Pronomen), das nominale Klassifikationssystem (mit Genus, Numerus und Kasus), die nominale Flexionsmorphologie sowie nominale Syntagmen mit dem Schwerpunkt der NP-Syntax. Der Vergleich stellt die Optionen im Vergleichsspektrum heraus, von denen das Deutsche Gebrauch macht, zeigt aber auch, welche Möglichkeiten nicht realisiert sind, und lässt somit das typologische Profil dieser Sprache im Detail erkennen. 330 $aThis functionally oriented contrastive grammar is devoted to nominal word classes (such as nouns, adjectives, and pronouns), their classification (such as gender, case, and number), nominal inflectional morphology, and nominal syntagms, especially the syntax of the nominal phrase. The descriptive focus is on German, and the principal contrastive languages are English, French, Polish, and Hungarian. 410 0$aSchriften des Instituts fu?r Deutsche Sprache ;$vBand 14.1. 606 $aGerman language$xNoun 606 $aGerman language$xGrammar, Comparative 610 $aContrastive Linguistics. 610 $aGerman Grammar. 610 $aGrammatical Structures. 615 0$aGerman language$xNoun. 615 0$aGerman language$xGrammar, Comparative. 676 $a435 686 $aGC 6009$2rvk 700 $aGunkel$b Lutz, $4aut$4http://id.loc.gov/vocabulary/relators/aut$0506240 702 $aGunkel$b Lutz 702 $aGu?nther$b Christine$f1981- 702 $aHoberg$b Ursula 801 0$bMiAaPQ 801 1$bMiAaPQ 801 2$bMiAaPQ 906 $aBOOK 912 $a9910821803803321 996 $aGrammatik des Deutschen im europa?ischen Vergleich$94010814 997 $aUNINA LEADER 01777nim 2200469Ka 450 001 9910155846503321 005 20240912110854.1 010 $a1-5159-9533-X 035 $a(CKB)3710000000977000 035 $a(BIP)060407346 035 $a(ODN)ODN0003116529 035 $a(EXLCZ)993710000000977000 100 $a20170525d2017 uy 1 101 0 $aeng 135 $auruna---||||| 181 $cspw$2rdacontent 182 $cs$2rdamedia 182 $cc$2rdamedia 183 $acr$2rdacarrier 200 10$aSecret crimes /$fMichael Hambling 205 $aUnabridged. 210 $aOld Saybrook $cTantor Audio$d2017 215 $a1 online resource (7 audio files) $cdigital 225 0 $aDCI Sophie Allen,$v3. 300 $aUnabridged. 330 $aTwo women go away for the weekend, but only one comes back alive. Was it just the music they were into? And who was the man the victim met at the festival? DCI Sophie Allen is back in charge after the emotional upheavals she suffered in Deadly Crimes, but is she really in control? And Detective Constable Rae Gregson joins the team and immediately faces challenges that put her life in peril. Discover a gripping and detailed mystery that will have you hooked from the start until the stunning twist at the end. 606 $aFiction$2OverDrive 606 $aMystery$2OverDrive 606 $aSuspense$2OverDrive 606 $aThriller$2OverDrive 615 17$aFiction. 615 7$aMystery. 615 7$aSuspense. 615 7$aThriller. 676 $a823.92 686 $aFIC022020$aFIC030000$aFIC031010$2bisacsh 700 $aHambling$b Michael$01435224 702 $aGould$b Cat$4nrt 906 $aAUDIO 912 $a9910155846503321 996 $aSecret Crimes$93595828 997 $aUNINA LEADER 03903nam 22008411 450 001 9910968989603321 005 20080419161603.0 010 $a9786611357139 010 $a9781472564139 010 $a1472564138 010 $a9781281357236 010 $a1281357235 010 $a9781847313935 010 $a1847313930 024 7 $a10.5040/9781472564139 035 $a(CKB)1000000000415366 035 $a(EBL)342893 035 $a(OCoLC)476157042 035 $a(SSID)ssj0000105631 035 $a(PQKBManifestationID)12026181 035 $a(PQKBTitleCode)TC0000105631 035 $a(PQKBWorkID)10101371 035 $a(PQKB)10023255 035 $a(MiAaPQ)EBC1772600 035 $a(Au-PeEL)EBL1772600 035 $a(CaPaEBR)ebr10276360 035 $a(CaONFJC)MIL135723 035 $a(OCoLC)646797155 035 $a(UtOrBLW)bpp09256429 035 $a(MiAaPQ)EBC342893 035 $a(Au-PeEL)EBL342893 035 $a(UtOrBLW)BP9781472564139BC 035 $a(Perlego)810094 035 $a(EXLCZ)991000000000415366 100 $a20140929d2007 uy 0 101 0 $aeng 135 $aur|n|---||||| 181 $ctxt 182 $cc 183 $acr 200 14$aThe arms trade and international law /$fZeray Yihdego 205 $a1st ed. 210 1$aOxford ;$aPortland, Oregon :$cHart Publishing,$d2007. 215 $a1 online resource (380 p.) 225 1 $aStudies in international law 300 $aDescription based upon print version of record. 311 08$a9781841137469 311 08$a1841137464 320 $aIncludes bibliographical references and index. 327 $aPt. I. Introduction: Features, Definition and Manufacturing of SALW -- 1. Introduction -- 2. Features and Definition of SALW: Associated Problems -- 3. Manufacturing of SALW: Associated Problems -- Pt. II. International Transfers of SALW: Substantive Limitations and Problems -- 4. International Transfers of SALW: Introduction -- 5. Adherence to the Peace and Security Legal Norm -- 6. Adherence to the Non-intervention Norm -- 7. Humanitarian Law (IHL) Limitations on SALW Transfers -- 8. International Human Rights Law (IHRL) Limitations on SALW Transfers -- Pt. III. Conclusions -- 9. State Responsibility and Arms Transfers: Some Reflections -- 10. Findings and Recommendations. 330 $a"There are believed to be about 700 million small arms and light weapons (SALW) in the world, often contribing to highly destabilising security and other concerns in international law. This book deals with the proliferation of SALW and their unregulated trade and transfer across borders. It addresses questions of definition, manufacturing, trade/transfer, and issues relating to state responsibility. The primary focus is on conventional small arms, in particular military-style weapons. The book tackles the core and most divisive legal problem of whether or not the laws relating to arms control and relevant norms of international law provide substantive restrictions upon the transfer of small arms by states."--Bloomsbury Publishing. 410 0$aStudies in international law (Stockholm, Sweden) 606 $aArms control 606 $aArms transfers$xLaw and legislation 606 $aFirearms$xLaw and legislation 606 $aHumanitarian law 606 $aIntervention (International law) 606 $2International humanitarian law 615 0$aArms control. 615 0$aArms transfers$xLaw and legislation. 615 0$aFirearms$xLaw and legislation. 615 0$aHumanitarian law. 615 0$aIntervention (International law) 676 $a341.733 686 $a86.80$2bcl 686 $a89.77$2bcl 700 $aYihdego$b Zeray$0943867 801 0$bUtOrBLW 801 1$bUtOrBLW 906 $aBOOK 912 $a9910968989603321 996 $aThe arms trade and international law$94445423 997 $aUNINA